[Event "Catalunya-chT Gp2"]
[Site "Barcelona"]
[Date "2017.02.18"]
[Round "5.9"]
[White "Carol Querol, Santiago"]
[Black "Avila Jimenez, Xavier"]
[Result "0-1"]
[WhiteElo "2131"]
[BlackElo "2177"]
[PlyCount "76"]
[EventDate "2017.01.21"]
[EventType "team-tourn"]
[EventRounds "7"]
[EventCountry "ESP"]
[SourceTitle "EXT 2018"]
[Source "ChessBase"]
[SourceDate "2017.10.13"]
[SourceVersion "1"]
[SourceVersionDate "2017.10.13"]
[SourceQuality "1"]
[WhiteTeam "Terrassa"]
[BlackTeam "Barcelona Escola Escacs"]
[WhiteTeamCountry "ESP"]
[BlackTeamCountry "ESP"]

1. d4 Nf6 2. Nf3 d5 3. g3 c6 4. Bg2 Bf5 5. 0-0 Nbd7 6. c4 dxc4 7. Nc3 e6 8. a4 a5 9. h3 h6 10. Re1 Bb4 11. Nd2 Nb6 12. e4 Bh7 13. Ndb1 0-0 14. Be3 Rc8 15. Qc1 c5 16. Rd1 Qe7 17. dxc5 Bxc5 18. e5 Nfd5 19. Bxc5 Qxc5 20. Ne4 Bxe4 21. Bxe4 Nd7 22. Bxd5 exd5 23. Qd2 Nxe5 24. Qxd5 Rfd8 25. Qxd8+ Rxd8 26. Rxd8+ Kh7 27. Nc3 Nd3 28. Rf1 Qb6 29. Rd7 Ne5 30. Rd5 f6 31. Rb5 Qc6 32. Rd5 Qe6 33. Kg2 Nd3 34. Rb5 b6 35. f3 f5 36. Rd1 f4 37. g4 Qe3 38. Ne4 Qe2+ 0-1

[Event "Catalunya-chT Gp2"]
[Site "Barcelona"]
[Date "2017.02.11"]
[Round "4.8"]
[White "Carol Querol, Santiago"]
[Black "Fernandez Madrid, Carlos"]
[Result "1/2-1/2"]
[WhiteElo "2131"]
[BlackElo "2119"]
[PlyCount "126"]
[EventDate "2017.01.21"]
[EventType "team-tourn"]
[EventRounds "7"]
[EventCountry "ESP"]
[SourceTitle "CBM 176 Extra"]
[Source "ChessBase"]
[SourceDate "2017.03.02"]
[SourceVersion "1"]
[SourceVersionDate "2017.03.02"]
[SourceQuality "1"]
[WhiteTeam "Terrassa"]
[BlackTeam "Sant Josep de Badalona"]
[WhiteTeamCountry "ESP"]
[BlackTeamCountry "ESP"]

1. d4 Nf6 2. Nf3 d6 3. g3 g6 4. Bg2 Bg7 5. 0-0 0-0 6. c4 Nbd7 7. Nc3 e5 8. e3 c6 9. b3 Re8 10. Ba3 e4 11. Nd2 d5 12. cxd5 cxd5 13. Rc1 Nf8 14. h3 Bd7 15. b4 Ne6 16. Qb3 Nc7 17. b5 b6 18. Rc2 Rc8 19. Rfc1 Be6 20. Ne2 g5 21. Kh2 Qd7 22. Rc6 Red8 23. Qa4 Nfe8 24. Qb4 h6 25. g4 Rb8 26. Ng3 a5 27. bxa6 Nxa6 28. Qc3 Nc5 29. Rxc5 bxc5 30. Bxc5 Ra8 31. a3 Nf6 32. Nb3 Rdc8 33. Qb2 Qb7 34. Rb1 Nd7 35. Bb4 Qc7 36. Rc1 Qd8 37. Rxc8 Qxc8 38. Nh5 Bf8 39. Nc5 Qc7+ 40. Kh1 Rc8 41. Bf1 Bd6 42. Bb5 Nxc5 43. Bxc5 Qd8 44. Qb4 Bb8 45. a4 Qc7 46. Ng3 Ba7 47. Bxa7 Qxa7 48. Kg2 Rc1 49. Qd6 Qc7 50. Qxc7 Rxc7 51. Ne2 Kf8 52. Ng3 Rc1 53. Ne2 Ra1 54. Bc6 Ke7 55. Nc3 Kd6 56. Be8 f5 57. Nb5+ Ke7 58. gxf5 Bxf5 59. Bc6 Be6 60. Nc7 Bxh3+ 61. Kxh3 Kd6 62. Bxd5 Kxc7 63. Bxe4 Rxa4 1/2-1/2

[Event "Barcelona Sants op 16th"]
[Site "Barcelona"]
[Date "2014.08.23"]
[Round "2"]
[White "Sanchez Enriquez, Oscar Gerardo"]
[Black "Carol Querol, Santiago"]
[Result "1/2-1/2"]
[WhiteElo "2374"]
[BlackElo "2106"]
[PlyCount "56"]
[EventDate "2014.08.22"]
[EventType "swiss"]
[EventRounds "10"]
[EventCountry "ESP"]
[SourceTitle "CBM 162 Extra"]
[Source "ChessBase"]
[SourceDate "2014.10.17"]
[SourceVersion "1"]
[SourceVersionDate "2014.10.17"]
[SourceQuality "1"]

1. e4 c5 2. b3 Nc6 3. Bb2 d6 4. f4 Nf6 5. Nc3 g6 6. Bb5 Bg7 7. Qe2 0-0 8. Bxc6 bxc6 9. Nf3 Nh5 10. g3 Qa5 11. Nd1 Nf6 12. 0-0 Bg4 13. d3 c4 14. bxc4 Bh3 15. Re1 Bg4 16. Nf2 Rab8 17. Bd4 c5 18. Nxg4 cxd4 19. Nxf6+ Bxf6 20. Nd2 Rb2 21. Nb3 Qc3 22. Rec1 a5 23. Qd1 a4 24. Nd2 Rfb8 25. Nf3 Bg7 26. a3 e5 27. Kg2 Bh6 28. h4 R8b3 1/2-1/2

[Event "Barcelona Sants op 14th"]
[Site "Barcelona"]
[Date "2012.08.17"]
[Round "1"]
[White "Carol Querol, Santiago"]
[Black "Cuartas, Jaime Alexander"]
[Result "0-1"]
[WhiteElo "2102"]
[BlackElo "2521"]
[PlyCount "60"]
[EventDate "2012.08.17"]
[EventType "swiss"]
[EventRounds "10"]
[EventCountry "ESP"]
[SourceTitle "CBM 150 Extra"]
[Source "ChessBase"]
[SourceDate "2012.10.19"]
[SourceVersion "1"]
[SourceVersionDate "2012.10.19"]
[SourceQuality "1"]

1. d4 d5 2. c4 c6 3. Nf3 Nf6 4. Nc3 e6 5. e3 Nbd7 6. cxd5 exd5 7. Bd3 Bd6 8. 0-0 0-0 9. Qc2 Re8 10. a4 a5 11. b3 Qe7 12. Ne2 Ne4 13. Ng3 Ndf6 14. Ne5 Nxg3 15. hxg3 Bxe5 16. dxe5 Qxe5 17. Bb2 Qg5 18. Bxf6 Qxf6 19. Bxh7+ Kh8 20. Bd3 g6 21. Qc5 Kg7 22. Qd4 Re7 23. Rac1 Qxd4 24. exd4 Bd7 25. Rfd1 Kf6 26. Bf1 Ke6 27. Rb1 Kd6 28. b4 Bf5 29. Bd3 Bxd3 30. Rxd3 axb4 0-1

[Event "Catalunya-ch"]
[Site "Barcelona"]
[Date "2003.04.14"]
[Round "2"]
[White "Carol Querol, Santiago"]
[Black "Rios Parra, Alejandro"]
[Result "0-1"]
[WhiteElo "2190"]
[BlackElo "2385"]
[PlyCount "107"]
[EventDate "2003.04.13"]
[EventType "swiss"]
[EventRounds "9"]
[EventCountry "ESP"]
[SourceTitle "EXT 2004"]
[Source "ChessBase"]
[SourceDate "2003.11.25"]
[SourceVersion "1"]
[SourceVersionDate "2003.11.25"]
[SourceQuality "1"]

1. d4 Nf6 2. c4 c5 3. d5 e6 4. Nc3 exd5 5. cxd5 d6 6. e4 g6 7. f4 Bg7 8. Bb5+ Nfd7 9. a4 0-0 10. Nh3 Na6 11. 0-0 Nb4 12. Be3 a6 13. Be2 Re8 14. Ra3 Rb8 15. Kh1 Nf6 16. Nf2 b6 17. g4 Bb7 18. Qd2 Nd7 19. g5 h6 20. Ng4 h5 21. Nh6+ Bxh6 22. gxh6 Nf6 23. Bf3 Ng4 24. Bxg4 hxg4 25. f5 Qh4 26. Qg2 g3 27. Rf4 Qxh2+ 28. Qxh2 gxh2 29. h7+ Kxh7 30. Rh4+ Kg7 31. Bh6+ Kf6 32. Ra1 Rg8 33. fxg6 Rxg6 34. Rf1+ Ke7 35. Bf4 Rg1+ 36. Rxg1 hxg1Q+ 37. Kxg1 Rg8+ 38. Kf1 Nd3 39. Bh2 Nxb2 40. e5 dxe5 41. Bxe5 Nd3 42. Bc7 Rg6 43. Ke2 Nc1+ 44. Ke3 Kd7 45. Be5 Rg5 46. Ke4 Nd3 47. Bf6 Nf2+ 48. Kf4 Rg6 49. Kf5 Bc8 50. Be5 Ke7+ 51. Kf4 Nd3+ 52. Ke4 Nxe5 53. Kxe5 Rg5+ 54. Kf4 0-1

[Event "Catalunya-chT"]
[Site "Spain"]
[Date "2003.??.??"]
[Round "8"]
[White "Garrido Fernandez, Daniel"]
[Black "Carol Querol, Santiago"]
[Result "1/2-1/2"]
[WhiteElo "2241"]
[BlackElo "2046"]
[PlyCount "40"]
[EventDate "2003.??.??"]
[EventType "team"]
[EventRounds "9"]
[EventCountry "ESP"]
[SourceTitle "EXT 2007"]
[Source "ChessBase"]
[SourceDate "2006.11.23"]
[SourceVersion "1"]
[SourceVersionDate "2006.11.23"]
[SourceQuality "1"]

1. e4 g6 2. d4 Bg7 3. c4 d6 4. Nc3 c6 5. f4 Nd7 6. Nf3 Qc7 7. Be2 b6 8. Be3 a5 9. Qd2 Ba6 10. a3 h6 11. e5 Rd8 12. e6 fxe6 13. Qd3 Nf8 14. Nh4 Nf6 15. Nxg6 Bxc4 16. Qxc4 Nxg6 17. Qxe6 Qd7 18. Qb3 Ng4 19. Bxg4 Qxg4 20. Qxb6 0-0 1/2-1/2

[Event "Barcelona op rap"]
[Site "Barcelona"]
[Date "1996.12.15"]
[Round "8"]
[White "Rechi Perez, Francesco"]
[Black "Carol Querol, Santiago"]
[Result "0-1"]
[WhiteElo "2070"]
[BlackElo "2190"]
[PlyCount "58"]
[EventDate "1996.12.??"]
[EventType "swiss (rapid)"]
[EventRounds "8"]
[EventCountry "ESP"]
[SourceTitle "EXT 2001"]
[Source "ChessBase"]
[SourceDate "2000.11.22"]
[SourceVersion "1"]
[SourceVersionDate "2000.11.22"]
[SourceQuality "1"]

1. e4 c5 2. Nf3 d6 3. h3 g6 4. d4 cxd4 5. c3 d3 6. Bxd3 Bg7 7. 0-0 Nf6 8. Bg5 0-0 9. Qd2 Re8 10. Na3 Nc6 11. Rad1 Be6 12. Bb1 Qa5 13. Rfe1 Rad8 14. Bh6 Bh8 15. Ng5 Bc8 16. Nc4 Qc7 17. f4 d5 18. exd5 Rxd5 19. Qf2 Red8 20. Rxd5 Rxd5 21. Ne3 Rd8 22. f5 Ne5 23. fxg6 hxg6 24. Nf3 Nd3 25. Bxd3 Rxd3 26. Qc2 Rd8 27. Rf1 Qg3 28. Kh1 Nh5 29. Rf2 Bxh3 0-1